| 000 | 00699nam a22002417a 4500 | ||
|---|---|---|---|
| 008 | 130428b xxu||||| |||| 00| 0 eng d | ||
| 020 | _a8120322851 | ||
| 024 | _cAvailable | ||
| 037 | _cAvailable | ||
| 082 |
_222 _a005.2 COI |
||
| 100 | _aComer, Douglas E | ||
| 110 | _aDavid L. Stevens | ||
| 245 | _aInternet Working with TCP/IP Vol.II, Design implementation and internals | ||
| 260 |
_aNew Delhi _bPrentice-Hall of India _c2005 |
||
| 300 |
_a23.6 cm _f10 _g23.6 cm |
||
| 600 | _aComputer | ||
| 700 | _aComer, Douglas E | ||
| 710 | _aDavid L. Stevens | ||
| 270 |
_aNew Delhi _bNew Delhi _dIndia |
||
| 365 |
_b501.00 _d501.00 |
||
| 942 |
_2ddc _cBK |
||
| 999 |
_c260 _d260 |
||